| 000 | 02120nam0a2200445 4500 | ||
|---|---|---|---|
| 001 | RU\NLR\bibl\960718 | ||
| 005 | 20260405104415.0 | ||
| 010 |
_a5-696-03266-4 _9100 |
||
| 021 |
_aRU _b2006-24877 _91241 |
||
| 035 | _a(nilc)EL/0000064363 | ||
| 035 | _a34.3-427685 | ||
| 035 | _a(NLR Aleph) 000948752 | ||
| 090 |
_a266205 _c266205 |
||
| 100 | _a20060515d2004 |||y0rusy50 ca | ||
| 101 | 0 | _arus | |
| 102 | _aRU | ||
| 105 | _aa ||||||||| | ||
| 200 | 1 |
_aТермодинамика металлургических сплавов _eучебное пособие _fБ.И. Леонович, Ю.С. Кузнецов, О.И. Качурина _gМ-во образования и науки Рос. Федерации, Юж.-Урал. гос. ун-т, Фил. в г. Златоусте, Каф. общ. металлургии |
|
| 210 |
_aЧелябинск _cИзд-во ЮУрГУ _d2004 |
||
| 215 |
_a64,[2] с. _cил. _d20 |
||
| 320 | _aБиблиогр. в конце кн. (5 назв.) | ||
| 606 | 1 |
_aМеталлургические процессы _jУчебные издания для высших учебных заведений _xТермодинамика _91595823 _3RU\NLR\auth\66701881 |
|
| 610 | 1 | _aтермодинамика сплавов | |
| 610 | 1 | _aметаллургические процессы | |
| 610 | 1 | _aметаллургические расплавы | |
| 610 | 1 | _aметаллические сплавы | |
| 686 |
_a34.303-1я73 _vLBC/RL _2rubbk |
||
| 686 |
_a53.03 _2rugasnti |
||
| 686 | _aК303-14я73-1 | ||
| 700 | 1 |
_aЛеонович _bБ. И. _gБорис Иванович _4070 |
|
| 701 | 1 |
_4070 _8rus _7ca _aКузнецов _bЮ. С. _cканд. техн. наук _f1938- _gЮрий Серафимович _3RU\NLR\auth\7739892 _922855 |
|
| 701 | 1 |
_aКачурина _bО. И. _gОльга Ивановна _4070 |
|
| 801 | 0 |
_aRU _bЧелябинская ОУНБ _c20060515 |
|
| 801 | 1 |
_aRU _bЧелябинская ОУНБ _c20060515 |
|
| 801 | 2 |
_aRU _bNLR _c20060620 _grcr |
|
| 830 | _aАвт. по кн. | ||
| 942 | _cBOOK | ||
| 980 | _aNB | ||
| 980 | _aNBR | ||